000 00404nam a2200181Ia 4500
005 20250603145407.0
008 250603s9999 xx 000 0 und d
020 _a0-321-50781-9
050 _aQH 506 .M6627/
245 0 _aMolecular biology of the gene
250 _a6th ed.
260 _aNew York
260 _bPearson
260 _c2008
300 _a841 p
650 _aNew York
942 _cBK
999 _c41729
_d41729